00880nam0a22002171 4500001001000000005001700010035002600027100004100053101000800094102000700102105001800109200023000127210003800357215002200395320004200417702003200459712011200491801001800603801002200621852001900643rc\88199920260406165847.0 a(NLR Aleph) 006059564 a20041129d1983 |||y0rusy50 ca0 arus aRU aa |||||||||1 aВопросы теории и практики производства чугунаeТемат. отрасл. сб.fИн-т чер. металлургииg[Редкол.: А.Г. Ульянов (отв. ред.) и др.] aМ.cМеталлургияd1983 a95 с.cил.d21 aБиблиогр. в конце ст. 1aУльяновbА.Г.434002aИнститут черной металлургииcДнепропетровск3RU\NLR\AUTH\889937179 0aRUbNLRgpsbo 1aRUbELAR2rusmarc aNLRj83-6/3989